Normal view
MARC view
- Javed Jabbar,
Entry Personal Name
001 - CONTROL NUMBER
- control field: 28555
003 - CONTROL NUMBER IDENTIFIER
- control field: NUST
005 - DATE AND TIME OF LATEST TRANSACTION
- control field: 20200220113223.0
008 - FIXED-LENGTH DATA ELEMENTS
- fixed length control field: 200220|| aca||aabn | a|a d
040 ## - CATALOGING SOURCE
- Original cataloging agency: NUST
- Transcribing agency: NUST
100 ## - HEADING--PERSONAL NAME
- Personal name: Javed Jabbar,
- Dates associated with a name: 1945-
670 ## - SOURCE DATA FOUND
- Source citation: Work cat.: (NUST)0: Javed Jabbar, 1945-, Criss-cross times :, 2010.
